<?xml version="1.0" encoding="UTF-8"?>
<record
    xmlns:xsi="http://www.w3.org/2001/XMLSchema-instance"
    xsi:schemaLocation="http://www.loc.gov/MARC21/slim http://www.loc.gov/standards/marcxml/schema/MARC21slim.xsd"
    xmlns="http://www.loc.gov/MARC21/slim">

  <leader>00765nam a2200241 a 4500</leader>
  <controlfield tag="003">CO-ViMGA</controlfield>
  <controlfield tag="005">20230915233134.0</controlfield>
  <controlfield tag="008">090511s2009    ck     gr     0001fdspa d</controlfield>
  <datafield tag="020" ind1=" " ind2=" ">
    <subfield code="a">9789587048445</subfield>
  </datafield>
  <datafield tag="040" ind1=" " ind2=" ">
    <subfield code="a">CO-ViMGA</subfield>
    <subfield code="b">spa</subfield>
    <subfield code="c">CO-ViMGA</subfield>
  </datafield>
  <datafield tag="041" ind1="1" ind2=" ">
    <subfield code="h">eng</subfield>
  </datafield>
  <datafield tag="043" ind1=" " ind2=" ">
    <subfield code="a">n-us---</subfield>
  </datafield>
  <datafield tag="082" ind1="0" ind2="4">
    <subfield code="a">813.5 </subfield>
    <subfield code="b">M397t </subfield>
    <subfield code="2">21</subfield>
  </datafield>
  <datafield tag="100" ind1="1" ind2=" ">
    <subfield code="a">Meyer, Stephenie, </subfield>
    <subfield code="d">1973-</subfield>
    <subfield code="9">2339</subfield>
  </datafield>
  <datafield tag="245" ind1="1" ind2="3">
    <subfield code="a">La hu&#xE9;sped = </subfield>
    <subfield code="b">the host / </subfield>
    <subfield code="c">Stephenie Meyer ; traducci&#xF3;n Mar&#xED;a Jes&#xFA;s S&#xE1;nchez Raya.</subfield>
  </datafield>
  <datafield tag="260" ind1="3" ind2=" ">
    <subfield code="a">Bogot&#xE1; : </subfield>
    <subfield code="b">Suma de Letras, </subfield>
    <subfield code="c">2009.</subfield>
  </datafield>
  <datafield tag="300" ind1=" " ind2=" ">
    <subfield code="a">757 p. ; </subfield>
    <subfield code="c">23 cm.</subfield>
  </datafield>
  <datafield tag="650" ind1="1" ind2="4">
    <subfield code="a">Novela amorosa.</subfield>
    <subfield code="9">2005</subfield>
  </datafield>
  <datafield tag="650" ind1="1" ind2="4">
    <subfield code="a">Novela estadounidense.</subfield>
    <subfield code="9">2233</subfield>
  </datafield>
  <datafield tag="650" ind1=" " ind2="6">
    <subfield code="a">Tri&#xE1;ngulos (Relaciones humanas)</subfield>
    <subfield code="9">3549</subfield>
  </datafield>
  <datafield tag="700" ind1="1" ind2=" ">
    <subfield code="a">S&#xE1;nchez Raya, Mar&#xED;a Jes&#xFA;s, </subfield>
    <subfield code="e">tr.</subfield>
    <subfield code="9">3550</subfield>
  </datafield>
  <datafield tag="942" ind1=" " ind2=" ">
    <subfield code="2">ddc</subfield>
    <subfield code="c">BK</subfield>
  </datafield>
  <datafield tag="999" ind1=" " ind2=" ">
    <subfield code="c">35559</subfield>
    <subfield code="d">35559</subfield>
  </datafield>
  <datafield tag="952" ind1=" " ind2=" ">
    <subfield code="0">1</subfield>
    <subfield code="1">0</subfield>
    <subfield code="2">ddc</subfield>
    <subfield code="4">1</subfield>
    <subfield code="7">0</subfield>
    <subfield code="8">003</subfield>
    <subfield code="a">MEVIECAR</subfield>
    <subfield code="b">MEVIECAR</subfield>
    <subfield code="d">2016-07-13</subfield>
    <subfield code="l">1</subfield>
    <subfield code="o">813.5 M397t </subfield>
    <subfield code="p">30176</subfield>
    <subfield code="r">2016-09-22 00:00:00</subfield>
    <subfield code="s">2016-09-12</subfield>
    <subfield code="t">Ej. 1</subfield>
    <subfield code="w">2016-07-13</subfield>
    <subfield code="y">BK</subfield>
  </datafield>
</record>
